000 00636nam a2200205Ia 4500
003 OSt
005 20260404110717.0
008 210210b1974 xxu||||| |||| 00| 0 eng d
040 _cAL
041 _aHindi
082 _aH891.4 GUPK
100 _aGUPT (R C).
_dगुप्ता (आर सी)
_9260164
245 _aKatipay Bharatiy rajnitik vichar.
260 _aUjjain
_bKamal Prakashan
_c1974
300 _a184
650 _aMahadev Govind Ranade Balgangadhar Tilak Mahatma Gandhi Katils Javaharalal Neharu Manavendranath Ray Rammanohar Lohiya
_9260165
690 _aHindi Prose
_9260166
906 _a032117
942 _2ddc
_cBK
999 _c83387
_d83387